Cinéma - Clic Quiz Sur 100 - Reformez 33 trios et trouvez l'intrus - Statistiques

Statistiques générales
  • Ce quiz a été pris 73 fois
  • Le résultat moyen est 25 sur 100
Statistiques - réponses
Hint Réponse % Correct
Louis de Funès (Claude Ratinier) La Soupe aux choux
68%
Philippe Lacheau (Grégory Van Huffel) Alibi.com
67%
Jacques Villeret (l'extraterrestre) La Soupe aux choux
62%
Virginie Efira (Alice Lantins) Vingt ans d'écart
61%
Pierre Niney (Balthazar Apfel) Vingt ans d'écart
58%
Tarek Boudali (Mehdi) Alibi.com
56%
Gilles Lellouche (Grégory Cerva) BAC Nord
55%
Gérard Depardieu (Jean-Claude) Les Valseuses
53%
Benoît Poelvoorde (Bernard Frédéric) Podium
53%
Romain Duris (Xavier Rousseau) L'Auberge espagnole
52%
Bruno Solo (Yvan Touati) La Vérité si je mens ! 2
52%
Richard Anconina (Édouard « Eddie » Vuibert) La Vérité si je mens ! 2
50%
Alain Chabat (Laurent Lafaye) Gazon maudit
48%
Patrick Dewaere (Pierrot) Les Valseuses
48%
Victoria Abril (Loli) Gazon maudit
45%
Clint Eastwood (Blondin) Le Bon, la Brute et le Truand
45%
François Civil (Antoine) BAC Nord
44%
Josiane Balasko (Marie-Jo) Gazon maudit
44%
Julien Arruti (Augustin) Alibi.com
42%
Miou-Miou (Marie-Ange) Les Valseuses
42%
Gad Elmaleh (Dov Mimran) La Vérité si je mens ! 2
41%
Monica Bellucci (Alex) Irréversible
39%
Javier Bardem (Anton Chigurh) No Country for Old Men
39%
Jean Carmet (Francis Chérasse) La Soupe aux choux
38%
Audrey Tautou (Martine) L'Auberge espagnole
38%
Jean Gabin (Vittorio Manalese) Le Clan des Siciliens
38%
André Dussollier (Jacques) 3 Hommes et un couffin
36%
Lino Ventura (Le Goff) Le Clan des Siciliens
36%
Sean Penn (James « Jimmy » Markum) Mystic River
36%
Michel Boujenah (Michel) 3 Hommes et un couffin
35%
Charles Bronson (l'homme à l'harmonica) Il était une fois dans l'Ouest
35%
Thierry Lhermitte (Pascal) La Femme de mon pote
35%
Alain Delon (Roger Sartet) Le Clan des Siciliens
33%
Vincent Cassel (Marcus) Irréversible
32%
Michel Blanc (Guy) Viens chez moi, j'habite chez une copine
32%
Roland Giraud (Pierre) 3 Hommes et un couffin
30%
Jean-Paul Rouve (Jean-Baptiste Coussaud dit « Couscous ») Podium
30%
Coluche (Micky) La Femme de mon pote
29%
Brad Pitt (Billy Beane) Le Stratège
29%
Kevin Bacon (Sean Devine) Mystic River
29%
Cameron Diaz (Christina Walters) Allumeuses !
27%
Henry Fonda (Frank) Il était une fois dans l'Ouest
27%
Roy Scheider (Martin Brody) Les Dents de la Mer
27%
Tim Robbins (David « Dave » Boyle) Mystic River
27%
Isabelle Huppert (Viviane) La Femme de mon pote
26%
Judith Godrèche (Anne-Sophie) L'Auberge espagnole
26%
Lee Van Cleef (Sentenza) Le Bon, la Brute et le Truand
26%
Karim Leklou (Yassine) BAC Nord
24%
Eli Wallach (Tuco) Le Bon, la Brute et le Truand
24%
Richard Dreyfuss (Matt Hooper) Les Dents de la Mer
24%
Jared Leto (Harry Goldfarb) Requiem for a Dream
24%
Jason Robards (Manuel Gutierrez, dit Le Cheyenne) Il était une fois dans l'Ouest
23%
Keanu Reeves (Evan Webber) Knock Knock
21%
Nicolas Cage (Cameron Poe) Les Ailes de l'enfer
21%
Tommy Lee Jones (Ed Tom Bell) No Country for Old Men
21%
Josh Brolin (Llewelyn Moss) No Country for Old Men
20%
Julie Depardieu (Véro) Podium
20%
Christina Applegate (Courtney Rockliffe) Allumeuses !
18%
Jennifer Connelly (Marion/Marianne VF Silver) Requiem for a Dream
17%
Bernard Giraudeau (Daniel) Viens chez moi, j'habite chez une copine
17%
Jonah Hill (Peter Brand) Le Stratège
15%
Thérèse Liotard (Françoise) Viens chez moi, j'habite chez une copine
15%
Tobin Bell (John Kramer) Saw
14%
Ana de Armas (Bel) Knock Knock
12%
John Cusack (Vincent "Vince" T. Larkin) Les Ailes de l'enfer
12%
Robert Shaw (Bart Quint) Les Dents de la Mer
12%
Daniel Auteuil (Baptiste « Bébel » Lavalle) L'Intrus de la liste
12%
Christian Slater (Tom) Pluie d'enfer
12%
Selma Blair (Jane Burns) Allumeuses !
11%
Michael B. Jordan (Steve Montgomery) Chronicle
11%
Albert Dupontel (Pierre) Irréversible
11%
John Malkovich (Cyrus Grissom dit « Cyrus le Virus ») Les Ailes de l'enfer
11%
Mylène Jampanoï (Lucie) Martyrs
11%
Cary Elwes (Lawrence Gordon) Saw
11%
Akihiro Kitamura (Katsuro) The Human Centipede 1
11%
Alex Russell (Matt Garetty) Chronicle
9%
Joshua Leonard (Josh) Le Projet Blair Witch
9%
Morgan Freeman (Jim) Pluie d'enfer
9%
Marlon Wayans (Tyrone C. Love) Requiem for a Dream
9%
Dane DeHaan (Andrew Detmer) Chronicle
8%
Heather Donahue (Heather) Le Projet Blair Witch
8%
Morjana Alaoui (Anna) Martyrs
8%
Leigh Whannell (Adam Stanheight) Saw
8%
Laura Breckenridge (Shelby Leds) Amusement
6%
Katheryn Winnick (Tabitha Wright) Amusement
6%
Jessica Lucas (Lisa Swan) Amusement
6%
Emma Bell (Parker O'Neil) Frozen
6%
Justin Long (Clay Dalton) Jusqu'en enfer
6%
Randy Quaid (Mike Collins) Pluie d'enfer
6%
Gilles Cohen (Vincent Khan) Vingt ans d'écart
6%
Kevin Zegers (Dan Walker) Frozen
5%
Shawn Ashmore (Joe Lynch) Frozen
5%
Alison Lohman (Christine Brown) Jusqu'en enfer
5%
Lorna Raver (Sylvia Ganush) Jusqu'en enfer
5%
Lorenza Izzo (Genesis) Knock Knock
5%
Michael C. Williams (Mike) Le Projet Blair Witch
5%
Philip Seymour Hoffman (Art Howe) Le Stratège
5%
Catherine Bégin (Mademoiselle) Martyrs
5%
Ashley C. Williams (Lindsay) The Human Centipede 1
5%
Ashlynn Yennie (Jenny) The Human Centipede 1
5%
Aucun quiz correspondant
Distribution des résultats
% des personnes avec chaque résultat
Percentile par nombre de réponses
Votre historique - résultats
Vous n’avez pas pris ce quiz